Biotechnology: fundamentals of applications (Record no. 169172)

000 -LEADER
fixed length control field 00327nam a2200121Ia 4500
008 - FIXED-LENGTH DATA ELEMENTS--GENERAL INFORMATION
fixed length control field 220217s9999||||xx |||||||||||||| ||und||
082 ## - DEWEY DECIMAL CLASSIFICATION NUMBER
Classification number 660. 6 PUR
100 ## - MAIN ENTRY--PERSONAL NAME
Personal name Puroith, S.S
245 #0 - TITLE STATEMENT
Title Biotechnology: fundamentals of applications
260 ## - PUBLICATION, DISTRIBUTION, ETC.
Place of publication, distribution, etc. Agrobios
Name of publisher, distributor, etc. Jodhpur
Date of publication, distribution, etc. 2002
300 ## - PHYSICAL DESCRIPTION
Other physical details 330
650 ## - SUBJECT ADDED ENTRY--TOPICAL TERM
Topical term or geographic name entry element Humanities Science
Holdings
Withdrawn status Lost status Damaged status Not for loan Collection code Home library Current library Shelving location Date acquired Full call number Barcode Date last seen Price effective from Koha item type
        Computer Science and Engineering Central Library Central Library Book Cart 02/18/2022 660. 6 PUR 4361 02/18/2022 02/18/2022 Books

Powered by Koha